00305pab a2200121 454500008004000000100001700040245005200057260000900109300000900118362000900127650003300136773001400169180718b1985 xxu||||| |||| 00| 0 eng d aSingal, A.M. aCanal modernisation in Haryana and its benefits c1985 a50-5 aApr. aIrrigation - India - Haryana aBhagirath